[Event "Open Portugal 2019"]
[Site "Lisboa POR"]
[Date "2019.02.03"]
[Round "3.101"]
[White "Pina, Tiago"]
[Black "Næss, Sara"]
[Result "0-1"]
[WhiteElo "1507"]
[BlackElo "1815"]
[WhiteFideId "1950673"]
[BlackFideId "1516191"]
[WhiteCountry "POR"]
[BlackCountry "NOR"]
[PlyCount "92"]
[EventDate "2019.02.02"]

1. e4 c6 2. d4 d5 3. Nc3 dxe4 4. Nxe4 Bf5 5. Ng3 Bg6 6. h4 h6 7. Nf3 Nd7 8. h5
Bh7 9. Bd3 Bxd3 10. Qxd3 e6 11. Bf4 Qa5+ 12. Bd2 Qc7 13. O-O-O Ngf6 14. Ne4
O-O-O 15. g3 Nxe4 16. Qxe4 Nf6 17. Qe2 Bd6 18. Ne5 c5 19. Nc4 cxd4 20. Nxd6+
Qxd6 21. Bf4 Qd5 22. Qe5 Qxe5 23. Bxe5 Rd5 24. Bxd4 e5 25. Bxa7 Ra5 26. Bb6 Rxa2
27. Kb1 Ra6 28. Be3 Kc7 29. c4 Rha8 30. c5 Ra1+ 31. Kc2 Rxd1 32. Rxd1 Nxh5 33.
Rd5 Re8 34. Rd6 Nf6 35. f3 e4 36. Bxh6 exf3 37. Bxg7 Ne4 38. Rd5 Nxg3 39. Be5+
Rxe5 40. Rxe5 f2 41. Re7+ Kc6 42. Rxf7 f1=Q 43. Rxf1 Nxf1 44. b4 Kb5 45. Kd3
Kxb4 46. Kd4 Kb5 0-1

[Event "Open Portugal 2019"]
[Site "Lisboa POR"]
[Date "2019.02.03"]
[Round "3.102"]
[White "Taylor, Robert Graham"]
[Black "Dong, Rafael"]
[Result "1/2-1/2"]
[WhiteElo "1809"]
[BlackElo "1363"]
[WhiteFideId "1800841"]
[BlackFideId "1958038"]
[WhiteCountry "WLS"]
[BlackCountry "POR"]
[PlyCount "77"]
[EventDate "2019.02.02"]

1. d4 Nf6 2. c4 g6 3. Nc3 d5 4. e3 Bg7 5. Nf3 c6 6. Bd3 Bg4 7. O-O Nbd7 8. cxd5
Nxd5 9. Nxd5 cxd5 10. h3 Bxf3 11. Qxf3 Nf6 12. Bb5+ Kf8 13. Bd3 Kg8 14. Bd2 h5
15. Rac1 g5 16. Qg3 g4 17. Qc7 gxh3 18. Qxd8+ Rxd8 19. gxh3 Ne4 20. Bxe4 dxe4
21. Rc7 e5 22. Rxb7 exd4 23. Rc1 Rh6 24. exd4 Rg6+ 25. Kf1 Bxd4 26. Bc3 Bxc3 27.
Rxc3 Rb6 28. Rxb6 axb6 29. Rb3 Rd6 30. Rb5 h4 31. Ke2 Kg7 32. a4 Kg6 33. b4 f5
34. f3 exf3+ 35. Kxf3 Kg5 36. a5 bxa5 37. bxa5 Rd3+ 38. Kg2 Ra3 39. Rc5 1/2-1/2

[Event "Open Portugal 2019"]
[Site "Lisboa POR"]
[Date "2019.02.03"]
[Round "3.103"]
[White "Funk, Matthias"]
[Black "Javet, Blaise"]
[Result "1-0"]
[WhiteElo "1492"]
[BlackElo "2027"]
[WhiteFideId "1901990"]
[BlackFideId "1305026"]
[WhiteCountry "POR"]
[BlackCountry "SUI"]
[PlyCount "117"]
[EventDate "2019.02.02"]

1. c4 e5 2. Nc3 Nf6 3. d3 Bc5 4. Nf3 Nc6 5. Bg5 h6 6. Bh4 g5 7. Bg3 d6 8. e3 a6
9. Be2 Bd7 10. O-O Rg8 11. h3 Nh5 12. d4 Nxg3 13. fxg3 Ba7 14. g4 exd4 15. exd4
Ne7 16. Kh1 f5 17. gxf5 Bxf5 18. Nh2 Qd7 19. Bh5+ Kd8 20. Ng4 Rh8 21. d5 Kc8 22.
Nf6 Qd8 23. g4 Bg6 24. Nce4 Kb8 25. b4 Bxh5 26. Nxh5 Ng6 27. Rf6 Qe8 28. Qd3 Qe5
29. Raf1 Nf4 30. Nxf4 gxf4 31. R6xf4 Bb6 32. c5 dxc5 33. Nxc5 Rd8 34. Rf5 Qd6
35. Ne6 Qxe6 36. dxe6 Rxd3 37. e7 Rxh3+ 38. Kg2 Re3 39. Rf8+ Ka7 40. Rxa8+ Kxa8
41. Rf8+ Ka7 42. e8=Q Rxe8 43. Rxe8 Bd4 44. Re6 Bc3 45. a3 Bd2 46. Kh3 Bg5 47.
a4 c6 48. a5 Kb8 49. Kg3 Kc7 50. Kf3 Kd7 51. Re5 Kc7 52. Re2 b6 53. Ke4 bxa5 54.
bxa5 Kd6 55. Kd4 Bf6+ 56. Kc4 c5 57. Re8 Kc6 58. Re6+ Kb7 59. Rxf6 1-0

[Event "Open Portugal 2019"]
[Site "Lisboa POR"]
[Date "2019.02.03"]
[Round "3.104"]
[White "Bouton, Christophe"]
[Black "Lages, Duarte"]
[Result "1-0"]
[WhiteElo "1988"]
[BlackElo "1558"]
[WhiteFideId "603813"]
[BlackFideId "2161680"]
[WhiteCountry "FRA"]
[BlackCountry "POR"]
[PlyCount "39"]
[EventDate "2019.02.02"]

1. e4 c6 2. Nf3 d5 3. exd5 cxd5 4. Ne5 Qc7 5. d4 Bf5 6. Nc3 e6 7. g4 Bg6 8. h4
h5 9. Nxg6 fxg6 10. Bd3 Ne7 11. Nb5 Qb6 12. Bf4 Na6 13. a4 Kf7 14. a5 Qc6 15.
Nd6+ Kg8 16. Bb5 Qc7 17. Qe2 Nc6 18. Qxe6+ Kh7 19. gxh5 Bxd6 20. hxg6# 1-0

[Event "Open Portugal 2019"]
[Site "Lisboa POR"]
[Date "2019.02.03"]
[Round "3.105"]
[White "Pipiras, Filipa"]
[Black "Marques, Gilles"]
[Result "1-0"]
[WhiteElo "1964"]
[BlackElo "1545"]
[WhiteFideId "1944894"]
[BlackFideId "665517"]
[WhiteCountry "POR"]
[BlackCountry "FRA"]
[PlyCount "51"]
[EventDate "2019.02.02"]

1. d4 Nf6 2. c4 e6 3. Nf3 b6 4. g3 Bb7 5. Bg2 d5 6. Ne5 Bb4+ 7. Bd2 Bxd2+ 8.
Nxd2 Nbd7 9. Qa4 c5 10. dxc5 bxc5 11. O-O Qc7 12. Nd3 O-O 13. cxd5 exd5 14. b3
Rfe8 15. Rfe1 Ne5 16. Nxe5 Rxe5 17. e3 Qb6 18. Rec1 Ree8 19. Qa3 Rac8 20. Rc2
Rc7 21. Rac1 Rec8 22. Bh3 Ne4 23. Nxe4 dxe4 24. Bxc8 Bxc8 25. Rxc5 Rxc5 26. Qxc5
1-0

[Event "Open Portugal 2019"]
[Site "Lisboa POR"]
[Date "2019.02.03"]
[Round "3.106"]
[White "Rego, João Rui"]
[Black "Antunes, André"]
[Result "0-1"]
[WhiteElo "1761"]
[BlackElo "1518"]
[WhiteFideId "1934465"]
[BlackFideId "1936328"]
[WhiteCountry "POR"]
[BlackCountry "POR"]
[PlyCount "132"]
[EventDate "2019.02.02"]

1. e4 c5 2. Nf3 Nc6 3. g3 g6 4. Bg2 Bg7 5. d3 Nf6 6. Nbd2 O-O 7. O-O d6 8. Re1
Bd7 9. c3 Rc8 10. Qe2 Qc7 11. Nf1 b5 12. Ne3 Qb8 13. Rb1 b4 14. c4 Ne8 15. Bd2
Nc7 16. h4 Ne6 17. Nd5 Rfe8 18. Qd1 Ned4 19. Nxd4 Nxd4 20. Bg5 Nc6 21. h5 h6 22.
Bd2 Ne5 23. hxg6 fxg6 24. Qc2 e6 25. Nf4 Kh7 26. Ne2 Rf8 27. f4 Nc6 28. Rf1 Rce8
29. Bh3 Qc8 30. Kh2 e5 31. Bxd7 Qxd7 32. Qd1 Qg4 33. Ng1 Qxd1 34. Rfxd1 Nd4 35.
Kg2 Rf7 36. Nf3 Ne6 37. Rh1 exf4 38. gxf4 Nxf4+ 39. Bxf4 Rxf4 40. Ng5+ Kg8 41.
Nh3 Rh4 42. Kg3 g5 43. Rhf1 Be5+ 44. Kg2 Rg4+ 45. Kh1 Rg3 46. Nf2 Rf3 47. Kg2
Ref8 48. b3 Kg7 49. Rbd1 g4 50. Nh1 Rxf1 51. Rxf1 Rxf1 52. Kxf1 g3 53. Kg2 Kf6
54. Kf3 h5 55. Nxg3 Bxg3 56. Kxg3 Ke5 57. Kh4 Kd4 58. Kxh5 Kxd3 59. Kg5 Kxe4 60.
Kf6 d5 61. cxd5 Kxd5 62. Ke7 a5 63. Kd7 c4 64. bxc4+ Kxc4 65. Kc6 a4 66. Kb6 b3
0-1

[Event "Open Portugal 2019"]
[Site "Lisboa POR"]
[Date "2019.02.03"]
[Round "3.107"]
[White "Correia, Pedro Mourão"]
[Black "Le Gall, Eric"]
[Result "0-1"]
[WhiteElo "1480"]
[BlackElo "1758"]
[WhiteFideId "1959522"]
[BlackFideId "636690"]
[WhiteCountry "POR"]
[BlackCountry "FRA"]
[PlyCount "78"]
[EventDate "2019.02.02"]

1. e4 e6 2. d4 d5 3. exd5 exd5 4. Bd3 Nf6 5. Ne2 Be7 6. Nbc3 c6 7. O-O O-O 8.
Ng3 Bg4 9. f3 Be6 10. Nce2 c5 11. c3 Nc6 12. a3 Rc8 13. Be3 cxd4 14. cxd4 Re8
15. Qd2 Qd7 16. f4 Bg4 17. Nc3 a6 18. h3 Bxh3 19. gxh3 Qxh3 20. Qg2 Qxg2+ 21.
Kxg2 Ng4 22. Bg1 Rcd8 23. Be2 Nf6 24. Kf3 g6 25. Bf2 h5 26. Rh1 Ng4 27. Nxh5
Nxf2 28. Kxf2 gxh5 29. Rag1+ Kf8 30. Rxh5 Bf6 31. Rd1 Bxd4+ 32. Kf1 Re3 33. Nxd5
Rg3 34. Bc4 Rg1+ 35. Ke2 Rg2+ 36. Kd3 b5 37. Ba2 Bxb2 38. Ke4 Re8+ 39. Kf3 Ree2
0-1

[Event "Open Portugal 2019"]
[Site "Lisboa POR"]
[Date "2019.02.03"]
[Round "3.108"]
[White "Costa, Américo"]
[Black "Dong, Fábio"]
[Result "1-0"]
[WhiteElo "1755"]
[BlackElo "1491"]
[WhiteFideId "1903373"]
[BlackFideId "1958020"]
[WhiteCountry "POR"]
[BlackCountry "POR"]
[PlyCount "59"]
[EventDate "2019.02.02"]

1. d4 Nf6 2. e3 g6 3. f4 d5 4. Bd3 Bg7 5. Nf3 c5 6. c3 Nc6 7. O-O b6 8. Bb5 Bd7
9. Qa4 Qc7 10. Ne5 Nxe5 11. fxe5 Bxb5 12. Qxb5+ Nd7 13. Nd2 O-O 14. Nf3 e6 15.
Qe2 c4 16. e4 b5 17. Bg5 Nb6 18. Bf6 Bh6 19. Ng5 Nd7 20. Be7 Bxg5 21. Bxg5 h5
22. exd5 exd5 23. g4 hxg4 24. Qxg4 Qc6 25. Rf6 Nxf6 26. Bxf6 Qe6 27. Qh4 Qxf6
28. exf6 Rfe8 29. Qh6 Re1+ 30. Rxe1 1-0

[Event "Open Portugal 2019"]
[Site "Lisboa POR"]
[Date "2019.02.03"]
[Round "3.109"]
[White "Voges, Guilherme"]
[Black "Calzada Cruz, Osvaldo"]
[Result "0-1"]
[WhiteElo "1455"]
[BlackElo "1754"]
[WhiteFideId "1947680"]
[BlackFideId "3509460"]
[WhiteCountry "POR"]
[BlackCountry "CUB"]
[PlyCount "38"]
[EventDate "2019.02.02"]

1. e4 e5 2. Nf3 Nc6 3. c3 d5 4. Qa4 Bd7 5. exd5 Nd4 6. Qd1 Nxf3+ 7. Qxf3 Nf6 8.
d3 Bg4 9. Qg3 Qxd5 10. Be3 O-O-O 11. Nd2 h5 12. f3 Bf5 13. d4 exd4 14. Bc4 dxe3
15. Bxd5 exd2+ 16. Ke2 Rxd5 17. Rad1 h4 18. Qf4 Bd6 19. Qg5 Re8+ 0-1

[Event "Open Portugal 2019"]
[Site "Lisboa POR"]
[Date "2019.02.03"]
[Round "3.110"]
[White "Barros, Luís"]
[Black "Palhas, Miguel Brando"]
[Result "0-1"]
[WhiteElo "1751"]
[BlackElo "1416"]
[WhiteFideId "23600110"]
[BlackFideId "1961349"]
[WhiteCountry "CPV"]
[BlackCountry "POR"]
[PlyCount "92"]
[EventDate "2019.02.02"]

1. e4 e5 2. Nf3 Nc6 3. c3 Nf6 4. Bb5 d6 5. d4 Bd7 6. O-O Be7 7. Re1 exd4 8. cxd4
O-O 9. h3 d5 10. e5 Ne4 11. Nc3 Bf5 12. Bd3 Bb4 13. Bd2 Nxf2 14. Kxf2 Bxd3 15.
Bg5 f6 16. exf6 gxf6 17. Bh6 Bg6 18. Bxf8 Qxf8 19. Re3 Rd8 20. Nh4 Bf7 21. Rg3+
Kh8 22. Qf3 Qh6 23. Ne2 Qxh4 24. Kg1 Nxd4 25. Nxd4 Qxd4+ 26. Kh1 Bd6 27. Qg4
Qxg4 28. Rxg4 Be5 29. Rb4 b6 30. Rd1 d4 31. Ra4 a5 32. b4 Be8 33. Ra3 axb4 34.
Rb3 Ba4 35. Rdb1 Bxb3 36. Rxb3 d3 37. Rb1 d2 38. Rd1 c5 39. Kg1 c4 40. Kf2 c3
41. Ke2 Ra8 42. Kd3 Rxa2 43. Rf1 Bg3 44. Rd1 Kg7 45. Ke2 Be1 46. h4 c2 0-1

[Event "Open Portugal 2019"]
[Site "Lisboa POR"]
[Date "2019.02.03"]
[Round "3.112"]
[White "Alonso Rodríguez, Tristán"]
[Black "Godinho, João Quintas"]
[Result "0-1"]
[WhiteElo "1370"]
[BlackElo "1719"]
[WhiteFideId "24594520"]
[BlackFideId "1909193"]
[WhiteCountry "ESP"]
[BlackCountry "POR"]
[PlyCount "80"]
[EventDate "2019.02.02"]

1. e4 c5 2. b3 d6 3. Bb2 Nf6 4. Nf3 Nxe4 5. Bc4 e6 6. d4 Nc6 7. d5 Ne7 8. Qe2
exd5 9. Bxd5 Nxd5 10. Qxe4+ Be6 11. c4 Nb4 12. a3 d5 13. cxd5 Qxd5 14. Qxd5 Nxd5
15. O-O O-O-O 16. Nc3 Nxc3 17. Bxc3 Bxb3 18. Rab1 c4 19. Rfc1 Bxa3 20. Re1 Rd3
21. Bxg7 Rg8 22. Be5 Rxf3 23. Bg3 Rd3 24. h3 Rgd8 25. Ra1 Rd1 26. Rxa3 Rxe1+ 27.
Kh2 h6 28. f4 Re2 29. Ra1 Rdd2 30. Rg1 c3 31. Be1 Rc2 32. f5 Bd5 33. Kg3 Rxg2+
34. Rxg2 Rxg2+ 35. Kf4 c2 36. Ke5 Re2+ 37. Kf6 Rxe1 38. h4 c1=Q 39. Kg7 Qc3+ 40.
Kf8 Qh8# 0-1

[Event "Open Portugal 2019"]
[Site "Lisboa POR"]
[Date "2019.02.03"]
[Round "3.113"]
[White "Martins, José Carlos"]
[Black "Martins, Domingos"]
[Result "1-0"]
[WhiteElo "1707"]
[BlackElo "1360"]
[WhiteFideId "1946005"]
[BlackFideId "1947389"]
[WhiteCountry "POR"]
[BlackCountry "POR"]
[PlyCount "87"]
[EventDate "2019.02.02"]

1. e4 c5 2. Nf3 Nc6 3. d4 cxd4 4. Nxd4 e6 5. Be3 Nf6 6. Nc3 Bb4 7. f3 O-O 8. Be2
a6 9. O-O d5 10. Nxc6 bxc6 11. Bg5 Bxc3 12. bxc3 h6 13. Bxf6 Qxf6 14. Qd4 Qd8
15. Rad1 Qe7 16. exd5 cxd5 17. c4 Rd8 18. cxd5 Rxd5 19. Qb6 Qa7 20. Qxa7 Rxa7
21. Rxd5 exd5 22. Rd1 Be6 23. f4 g6 24. Bf3 Rd7 25. Kf2 Kg7 26. Ke3 Kf6 27. Kd4
h5 28. c3 a5 29. Rb1 Kf5 30. g3 g5 31. fxg5 Kxg5 32. Rb5 a4 33. c4 Bg4 34. Rxd5+
Rxd5+ 35. Bxd5 f5 36. c5 f4 37. gxf4+ Kxf4 38. Bb7 a3 39. c6 h4 40. c7 Bd7 41.
c8=Q Bxc8 42. Bxc8 Kf3 43. h3 Ke2 44. Kc3 1-0

[Event "Open Portugal 2019"]
[Site "Lisboa POR"]
[Date "2019.02.03"]
[Round "3.114"]
[White "Barrento, Jorge"]
[Black "Paragliola, Gennaro"]
[Result "1-0"]
[WhiteElo "1701"]
[BlackElo "1350"]
[WhiteFideId "1906500"]
[BlackFideId "804207"]
[WhiteCountry "POR"]
[BlackCountry "ITA"]
[PlyCount "33"]
[EventDate "2019.02.02"]

1. g4 e5 2. d4 exd4 3. Qxd4 Nc6 4. Qe3+ Qe7 5. Bg2 Nf6 6. g5 Ng4 7. Qf4 Nge5 8.
Bd2 g6 9. Nc3 Nb4 10. O-O-O c5 11. a3 Na6 12. Ne4 Bg7 13. Bc3 O-O 14. Nf6+ Bxf6
15. gxf6 Qe6 16. Bxe5 Qa2 17. Qh6 1-0

[Event "Open Portugal 2019"]
[Site "Lisboa POR"]
[Date "2019.02.03"]
[Round "3.115"]
[White "Fonseca, René Gil"]
[Black "Avelino, Camila"]
[Result "0-1"]
[WhiteElo "1343"]
[BlackElo "1689"]
[WhiteFideId "1957767"]
[BlackFideId "1938975"]
[WhiteCountry "POR"]
[BlackCountry "POR"]
[PlyCount "52"]
[EventDate "2019.02.02"]

1. e4 e5 2. Nf3 Nc6 3. Bb5 a6 4. Ba4 Nf6 5. O-O Be7 6. Re1 b5 7. Bb3 O-O 8. c3
d5 9. Bc2 dxe4 10. Bxe4 Nxe4 11. Rxe4 f5 12. Re1 e4 13. Qb3+ Kh8 14. Nd4 Nxd4
15. cxd4 Qxd4 16. d3 Bb7 17. Be3 Qf6 18. d4 f4 19. Bd2 Qg6 20. Qc2 f3 21. g3 Qf5
22. Kh1 Qh3 23. Rg1 Rf5 24. g4 Bd6 25. Rg3 Bxg3 26. fxg3 Qg2# 0-1

[Event "Open Portugal 2019"]
[Site "Lisboa POR"]
[Date "2019.02.03"]
[Round "3.116"]
[White "Guia, Artur"]
[Black "McDonald, Margaret"]
[Result "1-0"]
[WhiteElo "1686"]
[BlackElo "1298"]
[WhiteFideId "1946781"]
[BlackFideId "420417"]
[WhiteCountry "POR"]
[BlackCountry "FRA"]
[PlyCount "111"]
[EventDate "2019.02.02"]

1. d4 d5 2. Bf4 Nf6 3. Nf3 e6 4. e3 c5 5. c3 Nbd7 6. Nbd2 b6 7. Bd3 Bb7 8. O-O
Be7 9. Ne5 O-O 10. Qf3 a5 11. Rfe1 Qc8 12. Rac1 c4 13. Bb1 b5 14. Qh3 Ne4 15.
Nxe4 dxe4 16. Nxd7 Qxd7 17. f3 f5 18. fxe4 fxe4 19. Qg4 Bf6 20. Rf1 Qd5 21. Bg3
Qg5 22. Qxe6+ Kh8 23. Rce1 Bd5 24. Qf5 Qxf5 25. Rxf5 Bc6 26. Rc5 Rac8 27. d5 Bb7
28. Rxb5 Rf7 29. Rxa5 Rcf8 30. Bxe4 Bg5 31. Bf3 Re8 32. e4 g6 33. h4 Bd8 34. Rb5
Ba6 35. Rb4 Ba5 36. Rb8 Rxb8 37. Bxb8 Rb7 38. Be5+ Kg8 39. Re2 Bd8 40. g3 Rf7
41. Bg4 Rb7 42. Kg2 Rb6 43. Bd4 Rb8 44. Be6+ Kf8 45. Bc5+ Be7 46. Rf2+ Ke8 47.
Bxe7 Kxe7 48. Bh3 h5 49. Rd2 Kd6 50. Kf2 Rf8+ 51. Ke3 Ke5 52. Rf2 Rb8 53. Be6
Bb7 54. Bf7 Rf8 55. Bxg6 Rxf2 56. Kxf2 1-0

[Event "Open Portugal 2019"]
[Site "Lisboa POR"]
[Date "2019.02.03"]
[Round "3.117"]
[White "Haynes, Noah"]
[Black "Maissa, Susana"]
[Result "1-0"]
[WhiteElo "1658"]
[BlackElo "1293"]
[WhiteFideId "1543172"]
[BlackFideId "1954202"]
[WhiteCountry "NOR"]
[BlackCountry "POR"]
[PlyCount "101"]
[EventDate "2019.02.02"]

1. d4 Nf6 2. c4 e5 3. dxe5 Ng4 4. Bf4 Bc5 5. e3 Nc6 6. Qxg4 Bf8 7. Qd1 Bb4+ 8.
Nd2 d6 9. exd6 Bxd6 10. Bxd6 Qxd6 11. Ngf3 Be6 12. Be2 Rd8 13. O-O O-O 14. a3
Bf5 15. Qb3 b6 16. Rad1 Na5 17. Qc3 c5 18. Nb3 Qg6 19. Nxa5 Bh3 20. Nh4 Qg5 21.
Nb3 Qxh4 22. gxh3 Qxh3 23. Qe5 Qh6 24. Qe7 Qg6+ 25. Kh1 Qc6+ 26. f3 Qc8 27. Rxd8
Rxd8 28. e4 Re8 29. Qxa7 Qe6 30. Rd1 Re7 31. Rd8+ Re8 32. Qb8 Kf8 33. Rxe8+ Qxe8
34. Qxe8+ Kxe8 35. Nc1 Ke7 36. Kg2 g5 37. b4 cxb4 38. axb4 Kd6 39. Nd3 h5 40.
Kg3 f6 41. f4 Ke6 42. Bxh5 Kd6 43. fxg5 fxg5 44. Kg4 Ke6 45. Kxg5 Ke7 46. c5
bxc5 47. bxc5 Kf8 48. Kf6 Kg8 49. Bg6 Kf8 50. c6 Kg8 51. c7 1-0

[Event "Open Portugal 2019"]
[Site "Lisboa POR"]
[Date "2019.02.03"]
[Round "3.118"]
[White "Vedor, Bernardo"]
[Black "Martinho, Alberto"]
[Result "1-0"]
[WhiteElo "1650"]
[BlackElo "1237"]
[WhiteFideId "1953540"]
[BlackFideId "1948784"]
[WhiteCountry "POR"]
[BlackCountry "POR"]
[PlyCount "57"]
[EventDate "2019.02.02"]

1. e4 e5 2. Nf3 Nc6 3. Bb5 d6 4. d4 a6 5. Bxc6+ bxc6 6. dxe5 Qe7 7. Bg5 f6 8.
Bh4 dxe5 9. Nc3 Qb4 10. Nxe5 Qxb2 11. O-O Qxc3 12. Qh5+ g6 13. Nxg6 hxg6 14.
Qxh8 Be6 15. Rae1 Qe5 16. Bg3 Qd4 17. Qh7 Ne7 18. e5 f5 19. Rd1 Qc3 20. Bh4 Qxe5
21. Bxe7 Bxe7 22. Qxg6+ Bf7 23. Qxc6+ Kf8 24. Qxa8+ Kg7 25. Qxa6 Bd6 26. Rxd6
cxd6 27. Qd3 Qc5 28. Rd1 Bc4 29. Qd4+ 1-0

[Event "Open Portugal 2019"]
[Site "Lisboa POR"]
[Date "2019.02.03"]
[Round "3.119"]
[White "Gama, João Tiago"]
[Black "Gonçalves, Carlos"]
[Result "1-0"]
[WhiteElo "1273"]
[BlackElo "1644"]
[WhiteFideId "1961160"]
[BlackFideId "1912879"]
[WhiteCountry "POR"]
[BlackCountry "POR"]
[PlyCount "117"]
[EventDate "2019.02.02"]

1. e4 d5 2. exd5 Qxd5 3. Nc3 Qd6 4. Nf3 Bg4 5. h3 Bh5 6. Bc4 Nf6 7. d3 h6 8. Qe2
c6 9. Ne4 Nxe4 10. Qxe4 Bg6 11. Qg4 Nd7 12. O-O Nf6 13. Qd4 Qxd4 14. Nxd4 Rd8
15. Be3 e6 16. c3 Bc5 17. b4 Bxd4 18. Bxd4 b5 19. Bb3 Bxd3 20. Rfd1 Bc4 21. Bxc4
bxc4 22. Bxa7 O-O 23. Bc5 Rfe8 24. Rxd8 Rxd8 25. Be7 Ra8 26. Bxf6 gxf6 27. f4
Kf8 28. a4 Ke7 29. a5 Rd8 30. Ra2 Rd7 31. Kf2 Kd8 32. Kg3 Kc7 33. Kh4 Rd5 34.
Rc2 e5 35. f5 Kd6 36. Kg4 h5+ 37. Kxh5 e4 38. Kg4 Ke5 39. h4 Rd1 40. Ra2 e3 41.
Kf3 Kxf5 42. Kxe3 Kg4 43. a6 Rd3+ 44. Kf2 Rd8 45. a7 Ra8 46. Ke3 Kf5 47. h5 Kg5
48. g4 f5 49. gxf5 Kxf5 50. Kd4 Ke6 51. Kxc4 Kd6 52. h6 Kc7 53. h7 Kb7 54. Kd4
Rd8+ 55. Ke5 Ka8 56. Kf6 Rd6+ 57. Kg7 Rg6+ 58. Kxf7 Rh6 59. Kg7 1-0

[Event "Open Portugal 2019"]
[Site "Lisboa POR"]
[Date "2019.02.03"]
[Round "3.120"]
[White "Gonçalves, Samuel"]
[Black "Anfinsen, Marius"]
[Result "1-0"]
[WhiteElo "1637"]
[BlackElo "1113"]
[WhiteFideId "1945130"]
[BlackFideId "1546414"]
[WhiteCountry "POR"]
[BlackCountry "NOR"]
[PlyCount "121"]
[EventDate "2019.02.02"]

1. e4 c5 2. Nf3 g6 3. c4 Bg7 4. d3 d6 5. Nc3 Nf6 6. h3 O-O 7. Be3 a6 8. Qd2 Qa5
9. Ng1 b5 10. cxb5 axb5 11. f4 Nc6 12. Nf3 b4 13. Ne2 e6 14. g4 h5 15. Rg1 e5
16. f5 Nd4 17. Kf2 b3 18. Nexd4 Qxd2+ 19. Bxd2 exd4 20. a3 Ba6 21. Bg5 Rac8 22.
Bxf6 Bxf6 23. gxh5 c4 24. dxc4 Bxc4 25. hxg6 d3 26. Rd1 Bxb2 27. Bxd3 Bxd3 28.
Rxd3 Rc2+ 29. Ke3 Bc1+ 30. Rxc1 b2 31. Rb1 Rb8 32. gxf7+ Kxf7 33. Rxd6 Rc1 34.
Nd2 Rxb1 35. Nxb1 Rb3+ 36. Rd3 Rb8 37. a4 Rg8 38. Kd2 Ra8 39. Nc3 Rxa4 40. Kc2
Rb4 41. Rd1 Kf6 42. Rb1 Rb8 43. Rxb2 Rh8 44. Rb6+ Kf7 45. e5 Rh5 46. Rf6+ Ke7
47. Nd5+ Ke8 48. Re6+ Kf7 49. Re7+ Kf8 50. f6 Rxh3 51. f7 Rg3 52. e6 Rg2+ 53.
Kc3 Rf2 54. Re8+ Kg7 55. Rg8+ Kh7 56. f8=Q Rc2+ 57. Kd4 Rd2+ 58. Ke5 Rxd5+ 59.
Kf6 Rf5+ 60. Ke7 Rxf8 61. Kxf8 1-0

[Event "Open Portugal 2019"]
[Site "Lisboa POR"]
[Date "2019.02.03"]
[Round "3.121"]
[White "Bártolo, Diogo"]
[Black "Fonseca, Pedro"]
[Result "0-1"]
[WhiteElo "1226"]
[BlackElo "1610"]
[WhiteFideId "1946757"]
[BlackFideId "1955624"]
[WhiteCountry "POR"]
[BlackCountry "POR"]
[PlyCount "66"]
[EventDate "2019.02.02"]

1. e4 e6 2. Nc3 d5 3. Nf3 Nf6 4. e5 Nfd7 5. d4 c5 6. Bd3 cxd4 7. Nxd4 Nxe5 8.
Bb5+ Bd7 9. Qh5 Ng6 10. Bd3 Qf6 11. Be3 Bb4 12. O-O Bxc3 13. bxc3 e5 14. Rae1
O-O 15. Bg5 Qd6 16. Nf5 Bxf5 17. Bxf5 Nd7 18. Re3 h6 19. Rh3 Nf6 20. Bxf6 Qxf6
21. g3 Rfe8 22. Rd1 Rad8 23. Qf3 e4 24. Qg4 Ne5 25. Qf4 Nf3+ 26. Kh1 g5 27. Bh7+
Kg7 28. Qxf6+ Kxf6 29. Rxh6+ Kg7 30. Rh5 Rh8 31. Bxe4 dxe4 32. Rxh8 Rxd1+ 33.
Kg2 Kxh8 0-1

[Event "Open Portugal 2019"]
[Site "Lisboa POR"]
[Date "2019.02.04"]
[Round "4.1"]
[White "Iniyan, P."]
[Black "Motylev, Alexander"]
[Result "0-1"]
[WhiteElo "2480"]
[BlackElo "2644"]
[WhiteFideId "25002767"]
[BlackFideId "4121830"]
[WhiteTitle "IM"]
[BlackTitle "GM"]
[WhiteCountry "IND"]
[BlackCountry "RUS"]
[PlyCount "66"]
[EventDate "2019.??.??"]

1. d4 d5 2. c4 c6 3. Nf3 Nf6 4. Nc3 e6 5. Bg5 h6 6. Bxf6 Qxf6 7. e3 g6 8. Bd3
Bg7 9. O-O O-O 10. Ne5 dxc4 11. Bxc4 c5 12. Qc2 cxd4 13. exd4 Nc6 14. Nxc6 bxc6
15. Rad1 Rd8 16. Ne2 Bb7 17. Bd3 Qe7 18. Be4 Rac8 19. Qa4 Qc7 20. Rd2 c5 21.
Bxb7 Qxb7 22. Rfd1 cxd4 23. Nxd4 Qe4 24. f3 Qe3+ 25. Kf1 Rc1 26. Rxc1 Bxd4 27.
Qa5 Qg1+ 28. Ke2 Qxg2+ 29. Kd3 Bb6+ 30. Kc2 Rc8+ 31. Kb3 Qxf3+ 32. Rc3 Bxa5 33.
Rxf3 Bxd2 0-1

[Event "Open Portugal 2019"]
[Site "Lisboa POR"]
[Date "2019.02.04"]
[Round "4.2"]
[White "Iturrizaga, Eduardo"]
[Black "Dvirnyy, Danyyil"]
[Result "1-0"]
[WhiteElo "2640"]
[BlackElo "2487"]
[WhiteFideId "3901211"]
[BlackFideId "817570"]
[WhiteTitle "GM"]
[BlackTitle "GM"]
[WhiteCountry "VEN"]
[BlackCountry "ITA"]
[PlyCount "89"]
[EventDate "2019.??.??"]

1. c4 c6 2. Nf3 d5 3. d4 Nf6 4. Nc3 e6 5. Bg5 Nbd7 6. e3 Qa5 7. Nd2 Bb4 8. Qc2
h6 9. Bh4 O-O 10. Be2 c5 11. O-O cxd4 12. exd4 Re8 13. Nb3 Qd8 14. cxd5 exd5 15.
Nxd5 Bd6 16. f4 Nb6 17. Nxf6+ gxf6 18. Rf3 Bf8 19. Bb5 Bd7 20. Rg3+ Bg7 21. Bxd7
Nxd7 22. Qd1 Kh8 23. Qh5 Qe7 24. h3 Rg8 25. Kh2 Nf8 26. Rf3 Rd8 27. Re1 Qc7 28.
Bg3 Qd7 29. f5 Nh7 30. Rfe3 Bf8 31. h4 Qd5 32. Qf3 h5 33. Re4 Rc8 34. R1e2 a5
35. Re8 Rd8 36. Qxd5 Rxd5 37. Rb8 a4 38. Nd2 Rxd4 39. Rxb7 Kg7 40. a3 Bc5 41. b4
axb3 42. Nxb3 Rd5 43. Nxc5 Rxc5 44. Ree7 Rf8 45. Bd6 1-0

[Event "Open Portugal 2019"]
[Site "Lisboa POR"]
[Date "2019.02.04"]
[Round "4.4"]
[White "Campora, Daniel"]
[Black "Petrov, Nikita"]
[Result "0-1"]
[WhiteElo "2419"]
[BlackElo "2585"]
[WhiteFideId "100013"]
[BlackFideId "4101286"]
[WhiteTitle "GM"]
[BlackTitle "GM"]
[WhiteCountry "ARG"]
[BlackCountry "RUS"]
[PlyCount "66"]
[EventDate "2019.??.??"]

1. e4 c5 2. Nf3 d6 3. d4 cxd4 4. Nxd4 Nf6 5. Nc3 a6 6. g3 e5 7. Nb3 Be7 8. Bg2
O-O 9. O-O b5 10. Re1 Nbd7 11. Bd2 Nb6 12. Na5 Bg4 13. Nc6 Qd7 14. Nxe7+ Qxe7
15. Qc1 Rac8 16. b3 b4 17. Nd1 d5 18. exd5 Nbxd5 19. Ne3 Nc3 20. a3 a5 21. axb4
axb4 22. Nxg4 Nxg4 23. Bh3 h5 24. Ra5 Rc5 25. Rxc5 Qxc5 26. Bxg4 hxg4 27. Bxc3
Qxc3 28. Qd1 Rc8 29. Qe2 Rc5 30. Qe4 f5 31. Qa8+ Kh7 32. Re3 Qxc2 33. Kg2 Qd1
0-1

[Event "Open Portugal 2019"]
[Site "Lisboa POR"]
[Date "2019.02.04"]
[Round "4.5"]
[White "Bernardskiy, Vitaliy"]
[Black "Bilgüün, Sumiya"]
[Result "1/2-1/2"]
[WhiteElo "2570"]
[BlackElo "2471"]
[WhiteFideId "14100371"]
[BlackFideId "4901541"]
[WhiteTitle "GM"]
[BlackTitle "IM"]
[WhiteCountry "UKR"]
[BlackCountry "MGL"]
[PlyCount "60"]
[EventDate "2019.??.??"]

1. e4 c5 2. Nf3 a6 3. c3 d5 4. exd5 Qxd5 5. Be2 Nf6 6. O-O e6 7. Na3 Nc6 8. Nc4
Qd8 9. d4 cxd4 10. Nxd4 Nxd4 11. Qxd4 Qxd4 12. cxd4 Bd7 13. Bf4 Nd5 14. Bg3 Be7
15. Bf3 Bb5 16. Bxd5 exd5 17. Nb6 Bxf1 18. Nxa8 Kd7 19. Rc1 Rxa8 20. Rc7+ Kd8
21. Kxf1 b5 22. Rc6 Kd7 23. Rc7+ Kd8 24. Ke2 Rc8 25. Ra7 Rc2+ 26. Kd3 Rxb2 27.
Rxa6 Kd7 28. Kc3 Re2 29. Ra5 Ke6 30. a3 Ra2 1/2-1/2